Soft skills and their wage returns: overview of empirical literature
Prehľad o empirickej literatúre venujúcej sa návratnosti zo znalostí mäkkých zručností vo forme mzdy. Predpoklad značnej návratnosti vo forme mzdy pri znalosti mäkkých zručností, ale aj zmenšenia rozdielov v ohodnocovaní podľa pohlavia. Diskusia o metodologických prístupoch k meraniu mäkkých zručnos...
Salvato in:
| Autore principale: | |
|---|---|
| Natura: | Capitolo di libro |
| Lingua: | inglese |
| Soggetti: | |
| Tags: |
Nessun Tag, puoi essere il primo ad aggiungerne!!
|
MARC
| LEADER | 00000naa a2200000 4500 | ||
|---|---|---|---|
| 001 | 0185867 | ||
| 005 | 20231129092055.5 | ||
| 041 | 0 | |a eng | |
| 044 | |a CZ | ||
| 245 | 1 | 0 | |a Soft skills and their wage returns: overview of empirical literature |c Jiří Balcar |
| 520 | |a Prehľad o empirickej literatúre venujúcej sa návratnosti zo znalostí mäkkých zručností vo forme mzdy. Predpoklad značnej návratnosti vo forme mzdy pri znalosti mäkkých zručností, ale aj zmenšenia rozdielov v ohodnocovaní podľa pohlavia. Diskusia o metodologických prístupoch k meraniu mäkkých zručností a opodstatnenosti ich aproximácie podľa vlastností zamestnania. | ||
| 610 | 2 | 0 | |a zručnosti |
| 610 | 2 | 0 | |a ohodnotenie osobné |
| 610 | 2 | 0 | |a diskriminácia |
| 610 | 2 | 0 | |a metodológia |
| 100 | 1 | |a Balcar, Jiří | |